[Event "Pirgou Sphlios op 2nd"]
[Site "Greece"]
[Date "2007.08.17"]
[Round "3"]
[White "Gazis, Efstathios"]
[Black "Sigouros, Giannis"]
[Result "1-0"]
[WhiteElo "2295"]
[BlackElo "1880"]
[PlyCount "117"]
[EventDate "2007.08.16"]
[EventType "swiss"]
[EventRounds "7"]
[EventCountry "GRE"]
[SourceTitle "EXT 2008"]
[Source "ChessBase"]
[SourceDate "2007.11.25"]
[SourceVersion "1"]
[SourceVersionDate "2007.11.25"]
[SourceQuality "1"]

1. Nf3 Nf6 2. c4 d6 3. Nc3 g6 4. d4 Bg7 5. Bg5 h6 6. Bf4 0-0 7. h3 Nbd7 8. Qd2 Kh7 9. e3 Nh5 10. Bh2 e5 11. dxe5 Nxe5 12. Be2 Be6 13. Bxe5 Bxe5 14. Nxe5 dxe5 15. 0-0-0 Nf6 16. Qc2 Qe7 17. Rd2 c6 18. Rhd1 Rfd8 19. g4 Rxd2 20. Qxd2 Qc5 21. Qd6 Qxd6 22. Rxd6 Re8 23. b4 Re7 24. Rd1 Rd7 25. Rg1 Rd8 26. a3 b6 27. Kc2 Kg7 28. f3 Kf8 29. Nb1 Ke7 30. Nd2 g5 31. Nb3 Nd7 32. Bd3 Nf6 33. Kc3 Rg8 34. a4 Rc8 35. a5 Nd7 36. Ra1 b5 37. Rd1 a6 38. Be2 Rh8 39. Nc5 Nxc5 40. bxc5 h5 41. cxb5 axb5 42. Ra1 hxg4 43. hxg4 Ra8 44. Kb4 Kd7 45. Rh1 Kc7 46. Rh5 Rg8 47. Bd3 Kb7 48. Be4 Bc4 49. Rh6 Rc8 50. a6+ Kxa6 51. Bxc6 Ka7 52. Bxb5 Bd5 53. Ra6+ Kb8 54. e4 Be6 55. Bc4 Bxc4 56. Kxc4 Rd8 57. Rd6 Rh8 58. Kd5 Rh3 59. Rf6 1-0